000 01172nam a2200301 i 4500
001 000031070
003 DO-SdBNP
005 20240316073901.0
006 a||||gr|||| 00| 0
007 ta
008 110613s2003 dr 000 0 spa d
020 _a9993431214
040 _aDO-SdBNP
_bspa
_cBMNPHU
_erda
082 4 _222
_bN718c
245 0 0 _aNiños cantan a las madres :
_bantología infantil del concurso poesia a las madres, Biblioteca Nacional Pedro Henríquez Ureña 1992-2001 /
_ceditor: Tomás Castro Burdiez.
264 _aSanto Domingo :
_b(EDUCARTE),
_bBiblioteca Nacional Pedro Henríquez Ureña,
_c2003
300 _a40 págianas ;
_c21 cm.
336 _2rdacontent
_atexto
_btxt
337 _2rdamedia
_asin medición
_bn
338 _2rdacarrier
_avolumen
_bnc
490 _aCadernos Educativos y Culturales ;
_v22
500 _aIlustración de la portada "Las cuatro estaciones" de Elsa Núñez.
590 _aInventariado 2023 / MF
700 _aCastro, Tomás,
_d1959-
_eeditor
_924641
710 2 _aFundación para la Educación y el Arte (República Dominicana)
_920186
830 0 _aCadernos Educativos y Culturales
_v22
_957551
942 _2ddc
_cLF2
999 _c30562
_d30562